000
00317nam a22001337a 4500
008
181031b xxu||||| |||| 00| 0 eng d
020
_a
9780873534802
041
_a
eng
080
_a
371
100
_a
46
101
_a
EDU
245
_a
Principles and Standards for School Mathematics
_c
Ferrini,J
942
_2
udc
_c
BK
999
_c
51317
_d
51317